Normal view MARC view
  • Zafar Iqbal Faruqi

Entry Personal Name

Number of records used in: 1

001 - CONTROL NUMBER

  • control field: 48366

003 - CONTROL NUMBER IDENTIFIER

  • control field: NUST

005 - DATE AND TIME OF LATEST TRANSACTION

  • control field: 20210314134035.0

008 - FIXED-LENGTH DATA ELEMENTS

  • fixed length control field: 210314|| aca||aabn | a|a d

040 ## - CATALOGING SOURCE

  • Original cataloging agency: NUST
  • Transcribing agency: NUST

100 ## - HEADING--PERSONAL NAME

  • Personal name: Zafar Iqbal Faruqi

670 ## - SOURCE DATA FOUND

  • Source citation: Work cat.: (NUST): Zafar Iqbal Faruqi, AXLE LOAD SURVEY to establish latest truck factors for pavement design between Taxila and Lahore on National Highway (N-5), 4-4-1997
© 2023 Central Library, National University of Sciences and Technology. All Rights Reserved.